Food analysis laboratory manual / (Record no. 20819)

000 -LEADER
fixed length control field 00780cam a2200229Ii 4500
020 ## - INTERNATIONAL STANDARD BOOK NUMBER
ISBN 9783319441276
020 ## - INTERNATIONAL STANDARD BOOK NUMBER
ISBN 3319441272
040 ## - CATALOGING SOURCE
Transcribing agency GW5XE
082 04 - DEWEY DECIMAL CLASSIFICATION NUMBER
Classification number 664 NIE 2017 A042 Or.
245 00 - TITLE STATEMENT
Title Food analysis laboratory manual /
250 ## - EDITION STATEMENT
Edition statement Third edition
250 ## - EDITION STATEMENT
Edition statement Third edition
300 ## - PHYSICAL DESCRIPTION
Number of Pages 1 online resource (xi, 249 pages) :
Other physical details illustrations (some color).
490 1# - SERIES STATEMENT
Series statement Food science text series,
650 #0 - SUBJECT ADDED ENTRY--TOPICAL TERM
Topical Term Food
700 1# - ADDED ENTRY--PERSONAL NAME
Personal name Nielsen, S. Suzanne,
710 2# - ADDED ENTRY--CORPORATE NAME
Corporate name or jurisdiction name as entry element Ohio Library and Information Network.
856 40 - ELECTRONIC LOCATION AND ACCESS
Uniform Resource Identifier http://rave.ohiolink.edu/ebooks/ebc/9783319441276
856 40 - ELECTRONIC LOCATION AND ACCESS
Uniform Resource Identifier http://link.springer.com/10.1007/978-3-319-44127-6
856 40 - ELECTRONIC LOCATION AND ACCESS
Uniform Resource Identifier http://proxy.ohiolink.edu:9099/login?url=http://link.springer.com/10.1007/978-3-319-44127-6
942 ## - ADDED ENTRY ELEMENTS (KOHA)
Koha item type ADB
952 ## - LOCATION AND ITEM INFORMATION (KOHA)
Withdrawn status [LOCAL, KOHA] 0
952 ## - LOCATION AND ITEM INFORMATION (KOHA)
Withdrawn status [LOCAL, KOHA] 0
952 ## - LOCATION AND ITEM INFORMATION (KOHA)
Withdrawn status [LOCAL, KOHA] 0
Holdings
Permanent Location Date acquired Koha item type Lost status Shelving location Barcode Current Location Full call number
Library Block A2022-12-06ADB A042a069834Library Block A664 NIE 2017 A042 Or.
Library Block A2022-12-06ADB A042a069818Library Block A664 NIE 2017 A042 Or.
Library Block A2022-12-06ADB A042a069810Library Block A664 NIE 2017 A042 Or.
មជ្ឈមណ្ឌលឯការនៃសាកលវិទ្យាល័យភូមិន្ទកសិកម្មចំការដូង

Powered by Koha